Statistics for F1 Podiums 1975

Click here to take the quiz!

General Stats

  • This quiz has been taken 118 times
  • The average score is 10 of 15

Answer Stats

Answer% Correct
Niki Lauda
100%
James Hunt
96%
Emerson Fittipaldi
92%
Clay Regazzoni
86%
Jody Scheckter
82%
Carlos Reutemann
78%
Mario Andretti
78%
Carlos Pace
65%
Jochen Mass
61%
Jean-Pierre Jarier
57%
Patrick Depailler
57%
Jacques Laffite
53%
Jacky Ickx
51%
Vittorio Brambilla
51%
Tom Pryce
43%

Score Distribution

Percentile by Number Answered

Percent of People with Each Score

Your Score History

You have not taken this quiz